[Event "EU-chT (Women) 20th"]
[Site "Reykjavik"]
[Date "2015.11.20"]
[Round "7.3"]
[White "Gunina, Valentina"]
[Black "Papp, Petra"]
[Result "1-0"]
[WhiteElo "2516"]
[BlackElo "2303"]
[Annotator "Baldauf,M"]
[PlyCount "57"]
[EventDate "2015.11.13"]
[EventType "team-swiss"]
[EventRounds "9"]
[EventCountry "ISL"]
[SourceTitle "CBM 169 Extra"]
[Source "ChessBase"]
[SourceDate "2015.12.18"]
[SourceVersion "1"]
[SourceVersionDate "2015.12.18"]
[SourceQuality "1"]
[WhiteTeam "Russia (W)"]
[BlackTeam "Hungary (W)"]
[WhiteTeamCountry "RUS"]
[BlackTeamCountry "HUN"]
[TimeControl "6000+1485"]
[WhiteClock "1:01:47"]
[BlackClock "0:00:44"]

1. d4 Nf6 2. c4 g6 3. Nc3 d5 4. cxd5 Nxd5 5. g3 Bg7 6. Bg2 Nxc3 7. bxc3 c5 8.
e3 Qa5 9. Bd2 O-O 10. Nh3 $146 {der Springer geht normalerweise nach e2. Hier
findet er jedoch ein Feld auf f2.} Nc6 11. f4 Qc7 12. Nf2 e6 13. h4 {ein
simples weißes Konzept. Die Bauernkette im Zentrum ist stabil, die Löcher auf
den weißen Feldern fallen nicht zu sehr ins Gewicht.} b6 14. h5 Bb7 15. hxg6
fxg6 (15... hxg6 {ist positionell natürlich gesünder, die offene h-Linie
jedoch furchteinflößend.} 16. Qg4 Na5 17. Bxb7 Qxb7 18. Qh3 Rfd8 19. Qh7+ Kf8 {
mit dem Drachenläufer wird man nicht Matt - oder doch?} 20. f5 $1 exf5 21. e4
$13) 16. Qg4 Rae8 17. Ne4 cxd4 18. cxd4 e5 $2 {Diagramm [#] Der Gegenstoß im
Zentrum ist eigentlich die logische Reaktion auf das bisherige weiße Spiel,
doch hier wird die Diagonale a2-g8 für den Läufer auf g2 geöffnet, was für den
schwarzen König tödlich endet.} 19. Rxh7 $1 Nxd4 (19... Kxh7 20. Ng5+ Kg8 21.
Bd5+ $18) 20. Rc1 $1 Qe7 21. Qxg6 Qf7 22. Rxg7+ Qxg7 23. Qxg7+ Kxg7 24. Rc7+
Rf7 25. Nd6 $1 {eine ansehnliche Geometrie} Ree7 26. Rxb7 Rxb7 27. exd4 exf4
28. Bxb7 Rd7 29. Bxf4 1-0

[Event "EU-ch 3rd"]
[Site "Batumi"]
[Date "2002.06.18"]
[Round "7"]
[White "Gaprindashvili, Valerian"]
[Black "Kempinski, Robert"]
[Result "1-0"]
[WhiteElo "2476"]
[BlackElo "2570"]
[Annotator "Ftacnik,L"]
[PlyCount "125"]
[EventDate "2002.06.12"]
[EventType "swiss"]
[EventRounds "13"]
[EventCountry "GEO"]
[SourceTitle "CBM 090"]
[Source "ChessBase"]
[SourceDate "2002.09.20"]
[SourceVersion "1"]
[SourceVersionDate "2002.09.20"]
[SourceQuality "1"]

1. d4 Nf6 2. c4 g6 3. g3 Bg7 4. Bg2 d5 5. cxd5 Nxd5 6. Nf3 Nb6 7. O-O Nc6 8.
Nc3 Nxd4 9. Nxd4 Qxd4 10. Nb5 Qc5 11. a4 Nxa4 12. Qxa4 (12. Qd5 Qxd5 (12... Qb6
13. Rxa4 c6 14. Nd6+ exd6 15. Re4+ $1 Be6 16. Rxe6+ fxe6 17. Qxe6+ Kf8 18. Bf4
Rd8 19. Bxd6+ Rxd6 20. Qxd6+ Kf7 21. Qd7+ $18) 13. Bxd5 Rb8 14. Nxc7+ Kd8 15.
Rxa4 Kxc7 16. Bxf7 Bd7 17. Bf4+ e5 18. Rc1+ Bc6 19. Be3 Rbd8 20. Rxa7 {1-0
Filippov,V-Kempinski,R/Swidnica 1999/ (27)}) 12... Bd7 13. Bxb7 Bxb5 14. Be3 (
14. Qa5 Rb8 15. Be3 Qf5 16. Bf3 a6 17. Qxc7 O-O 18. Qxe7 Bxb2 19. Rad1 Qf6 20.
Qxf6 Bxf6 21. Bd4 Bxd4 22. Rxd4 Rfd8 23. Rxd8+ Rxd8 $15 {1/2-1/2 Grabarczyk,
M-Kempinski,R/Sopot/1997/ (52)}) 14... Bxa4 15. Bxc5 Rb8 16. Bf3 Bb5 {Black's
task is not exactly envious as white will try to benefit from his development
advantage and suitable attackig targets.} (16... Bb3 $5 17. Rxa7 Kd7 18. Ra6
Be5 19. Bc6+ Ke6 20. Ba7 Rb4 21. Bc5 Rbb8 22. Ba7 {1/2-1/2 Adrian,C-Vareille,F/
Bescanon 1999/ (22)}) (16... Bd7 17. Rxa7 Be5 18. h4 Be6 19. b4 f6 20. b5 Kf7
21. b6 Rxb6 22. Bxb6 cxb6 23. Rd1 {1-0 Loeffler,S-Eriksson,M/Malmo 2000/ (47)})
17. Rxa7 Be5 (17... Bxb2 $2 18. Rb1 Be5 19. Rxb5 Rxb5 20. Bc6+ $18) 18. Ra5 c6
(18... Bd7 19. b4 f6 20. Rd1 $14) 19. Ba7 (19. Ra7 Bd6 20. Bxd6 exd6 21. Rd1 d5
22. e4 dxe4 23. Bxe4 O-O 24. Rdd7 Rfe8 25. f3 Bc4 $11) 19... Bc7 (19... Rd8 20.
Bxc6+ Bxc6 21. Rxe5 $16) (19... Rb7 20. Rxb5 $1 $18) 20. Rxb5 $1 cxb5 21. Bxb8
Bxb8 22. Bc6+ Kf8 (22... Kd8 23. Bxb5 Bd6 24. Bc4 $16) 23. Bxb5 {[%mdl 4096]
Due to the opposite coloured bishops dfenders chances are quite fair, but
white will try to make problems with no risk involved.} Kg7 24. Bc4 Bd6 25. Ra1
h5 26. h4 (26. Ra7 h4 27. Kg2 hxg3 28. hxg3 Rb8 29. b3 $14) 26... Rc8 27. b3
Rc5 28. Kg2 Re5 (28... g5 29. hxg5 Rxg5 30. Kh3 Rf5 31. f4 $16) 29. e3 Rc5 30.
Ra7 Rc7 31. Ra6 (31. Rxc7 $2 Bxc7 32. b4 f5 $14) 31... Bc5 32. Kf3 Ra7 33. Rc6
Bd6 34. Rb6 Ra2 35. Rb5 Kf6 (35... f5 36. Bd5 Kf6 37. e4 e6 38. Bb7 $16) 36. e4
Bc7 (36... Rc2 37. Ke3 $1 $16) 37. Rc5 Bd6 (37... Rxf2+ $2 38. Kxf2 Bb6 39. b4
$18) 38. Rc6 Rc2 (38... Ke5 $2 39. Bxf7 $18) 39. b4 Ke5 (39... Rc3+ 40. Kg2 Ke5
41. b5 e6 (41... Kxe4 42. Bd5+ Kd4 43. Rxc3 Kxc3 44. Bxf7 $18) 42. b6 Kxe4 43.
b7 Bb8 (43... Be5 44. f4 Bb8 45. Rc8 $18) 44. Rc8 Be5 45. Bxe6 $18) 40. b5 Rc3+
41. Kg2 f6 (41... e6 42. b6 Kxe4 43. b7 Bb8 (43... Be5 44. f4 Bb8 45. Rc8 $18)
44. Rc8 Be5 45. Bxe6 $18) (41... Kxe4 $2 42. Bd5+ Kd4 43. Rxc3 Kxc3 44. Bxf7
$18) 42. b6 Rc2 43. Kf3 (43. b7 Rb2 44. Kf3 Rxb7 45. Ke3 f5 46. f4+ Kf6 47. e5+
$18) 43... Kd4 (43... Rc3+ 44. Ke2 Rc2+ 45. Ke3 Rc3+ 46. Kd2 Bb4 47. Re6+ Kd4
48. b7 Rxc4+ 49. Kd1 $18) 44. b7 Rb2 (44... Rxc4 45. Rxd6+ $18) 45. Bd5 g5 {
Kempinski is fighting like a lion, with the latest move he hopes to pin down
the dangerous f2 pawn.} (45... Rxb7 46. Rxd6 $18) 46. Rc4+ (46. hxg5 fxg5 47.
Ra6 g4+ 48. Kg2 Rb4 $16) 46... Ke5 47. Rc8 g4+ (47... gxh4 48. Ke3 $1 f5 49.
f4+ Kf6 50. e5+ $18) 48. Ke3 f5 $1 (48... Rb6 49. Kd3 Rb2 50. Rh8 $18) 49. Rh8
(49. Rc3 Bb8 50. Ra3 e6 51. Bb3 fxe4 52. Ra5+ Kd6 $14) 49... e6 (49... fxe4 50.
Rxh5+ Kf6 51. Bxe4 $18) 50. Re8 (50. Bc6 Rb3+ 51. Kd2 Rb6 52. Rc8 fxe4 53. Kc3
$14) 50... Bc5+ $2 {Impulsive move, that is not easy to explain as the simple
50...fxe4 was solving all problems.} (50... fxe4 51. Bxe4 Rb3+ 52. Bd3 Bc5+ 53.
Ke2 Rxb7 54. Bc4 $11) 51. Kd3 fxe4+ 52. Kc4 (52. Bxe4 Bd6 53. Rh8 $18) 52...
Bxf2 53. Bc6 (53. Rxe6+ Kf5 54. Re8 Bxg3 55. Bxe4+ Kf4 56. Bd5 Kf5 57. Rh8 $18)
53... Ba7 (53... Bxg3 54. b8=Q+ Rxb8 55. Rxb8 Bxh4 56. Rb5+ Kf4 57. Rxh5 $18)
54. Ra8 Rc2+ 55. Kb5 Rb2+ 56. Ka4 e3 (56... Kd6 57. Bxe4 Kc7 58. Rc8+ Kd7 59.
Ka3 Re2 60. Bc6+ Kd6 61. Ba4 Re3+ 62. Kb4 Rxg3 63. Ra8 Kc7 64. Rxa7 Kb8 65. Ra5
Kxb7 66. Rxh5 $18) 57. Rxa7 e2 58. Bb5 e1=Q (58... Ra2+ 59. Kb3 Rxa7 60. b8=Q+
Kd5 61. Bc4+ Kc6 62. Qc8+ $18) 59. b8=Q+ {With extra piece and tempo white has
no problem to finish the job.} Kd4 (59... Kf6 60. Qf4+ Kg6 61. Qg5#) 60. Qd6+
Ke4 61. Qf4+ Kd5 62. Rd7+ Kc5 63. Qc7# 1-0

[Event "EU-ch 4th"]
[Site "Istanbul"]
[Date "2003.05.30"]
[Round "1"]
[White "Tregubov, Pavel V"]
[Black "Nedev, Trajce"]
[Result "1-0"]
[WhiteElo "2632"]
[BlackElo "2518"]
[Annotator "Ftacnik,L"]
[PlyCount "133"]
[EventDate "2003.05.30"]
[EventType "swiss"]
[EventRounds "13"]
[EventCountry "TUR"]
[SourceTitle "CBM 096"]
[Source "ChessBase"]
[SourceDate "2003.09.25"]
[SourceVersion "1"]
[SourceVersionDate "2003.09.25"]
[SourceQuality "1"]

1. d4 Nf6 2. c4 g6 3. g3 d5 4. cxd5 Nxd5 5. Bg2 Bg7 6. Nf3 Nb6 7. Nc3 Nc6 8.
O-O Nxd4 9. Nxd4 Qxd4 10. Qxd4 Bxd4 11. Nb5 Be5 12. Bf4 Bxf4 13. gxf4 O-O 14.
Nxc7 Rb8 15. a4 {Tregubov believes, that white can get some pull due to the
strong bishop and open files in the center.} (15. Nb5 Bd7 (15... a6 16. Nd4 Rd8
17. e3 Nd5 18. Rac1 Nxf4 19. Rxc8 Rbxc8 20. Bxb7 Rc7 21. Bxa6 e5 22. Nf3 Nd3
23. b3 e4 {1/2-1/2 Bach,M-Lindinger,M/Hamburg 2001/ (23)}) 16. Nd4 Nc4 17. b3 {
1/2-1/2 Dzindzichashvili,R-Wolff,P/Bloomington 1993/ (17)}) (15. Rac1 Bg4 16.
Rc2 Rfd8 17. Rfc1 Bf5 18. e4 Bd7 19. b3 Bc6 20. e5 Bxg2 21. Kxg2 Rd3 22. a4 a5
{0-1 Bagaturov,G-Wilhelmi,C/Dresden 1999/ (31)}) 15... Bd7 (15... a5 16. b4
axb4 17. Rfb1 Na8 18. Nd5 Re8 19. Rxb4 Bd7 20. a5 Kg7 21. Rab1 Bc6 22. Nc7 Nxc7
23. Bxc6 Red8 24. Rxb7 {1-0 Kiss,A-Horvath,J/Leiner 1996/ (53)}) 16. a5 Nc8 (
16... Na4 $6 17. Rfd1 Rfd8 18. Rd2 Rbc8 19. Rc1 Bg4 20. Rdc2 $16) 17. Rfd1 Bc6
(17... Nd6 18. Nd5 Rfe8 19. Nxe7+ Rxe7 20. Rxd6 Bf5 21. e3 $16) (17... Rd8 18.
e4 Nd6 19. e5 Nf5 20. Rac1 Nh4 21. Be4 Bc6 $11) 18. Rac1 Nd6 $2 {[%mdl 4096]
Nedev's problems can be traced to this moment, it was not advisable to crete a
weakness on c6.} (18... Bxg2 19. Kxg2 Nd6 20. Kf3 (20. Nd5 Rfe8 21. Rc7 Kf8 22.
Kf3 Rbc8 23. Rdc1 f5 $11) 20... f5 $5 (20... Rfd8 21. Nd5 Kf8 22. Rc7 Nf5 23.
Rd3 $14) 21. Ne6 Rfc8 22. b3 Kf7 23. Ng5+ Kg7 $11) 19. Bxc6 bxc6 20. Rd2 Ne4 (
20... Rb4 21. Rxc6 Rxf4 22. Nd5 Ne4 (22... Re4 $2 23. Rxd6 $1 Rg4+ 24. Kf1 exd6
25. Nf6+ $18) 23. Nxf4 Nxd2 24. Ra6 $16) 21. Rd4 Nd6 (21... f5 22. b4 Rf6 23.
Na6 Rb7 24. e3 $16) 22. b4 Rfc8 23. Na6 Rb5 24. e4 f6 (24... Kf8 25. Kg2 Ke8
26. Rcd1 $14) 25. Nc5 Kf7 (25... Nb7 26. Nd3 Rd8 27. Rxd8+ Nxd8 28. Rc4 Kf7 29.
Kg2 $14) 26. e5 $1 Nf5 (26... Nb7 27. e6+ Kf8 28. Nxb7 Rxb7 29. Kg2 $14) 27.
Rd7 (27. e6+ Kg7 28. Rd7 Rxb4 29. Rxa7 $14) 27... Rxb4 28. e6+ Ke8 29. Rxa7 {
White a pawn is very dangerous, as black pieces are rather restrained by e6
pawn.} Nd4 (29... Rxf4 30. a6 Rb4 31. Rd7 Nd4 32. Rd1 Ne2+ 33. Kf1 Nf4 34. a7
Nd5 35. Ra1 Ra8 36. Na6 $18) 30. Kf1 Nb5 31. Rb7 Rxf4 32. a6 Nd6 33. Rb3 (33.
Rd7 Rd4 34. a7 Nb5 35. Rb7 $18) 33... Rc4 (33... Nb5 34. Rd3 Rh4 35. Kg2 Rg4+
36. Kh1 Ra8 37. Rd7 $16) 34. Rxc4 Nxc4 35. Kg2 Nd6 36. a7 Nb5 (36... Kd8 37.
Rb8 $18) 37. Rxb5 $1 cxb5 38. Na6 Kd8 (38... b4 39. Nb8 b3 40. a8=Q b2 41. Qb7
$18) 39. Nb8 Kc7 40. a8=Q Rxb8 41. Qa7+ {The technical part of realisation is
not so difficult, but white has to stop advance of b pawn first.} (41. Qa3 b4
42. Qc1+ Kb6 43. Qc4 Ka7 44. Qc5+ Ka6 45. Qxe7 $18) 41... Rb7 42. Qc5+ Kb8 43.
Qb4 Kc8 44. Kf3 Kb8 45. Ke4 Ka7 46. Kd5 Kb8 47. Kd4 (47. Kc6 Rc7+ 48. Kb6 Rb7+)
47... Ka7 48. Kc3 Rc7+ 49. Kb3 Kb6 (49... Rb7 50. Qa5+ Kb8 51. Qd8+ Ka7 52. Kb4
$18) 50. Qd4+ Kb7 51. Qd8 g5 52. Qh8 {Finally white is going after the
kingside pawns, the fight is over.} Kc6 53. Qd8 (53. Qxh7 Kd6 54. Qe4 Rc4 55.
Qb7 $18) 53... h6 54. Kb4 Rb7 (54... Kb6 55. Qd4+ Ka6 56. Qa1+ Kb6 57. Qa5+ $18
) 55. Qd4 Kc7 56. Qd7+ Kb8 57. Qd8+ Ka7 58. Qh8 Rb6 59. Qe8 Rb7 (59... Rxe6 $2
60. Qd7+ $18) 60. Qg6 Rb6 61. Qf7 Rb7 62. Qh7 Kb6 63. Qxh6 Kc6 64. f4 $1 Kd6 (
64... gxf4 65. Qxf4 Kb6 66. h4 $18) 65. fxg5 fxg5 66. Qxg5 Kxe6 67. Qg4+ 1-0

[Event "USA-ch Gr-A"]
[Site "Denver"]
[Date "1998.11.04"]
[Round "5"]
[White "Ivanov, Igor Vasilievich"]
[Black "Kudrin, Sergey"]
[Result "0-1"]
[WhiteElo "2505"]
[BlackElo "2540"]
[Annotator "Ftacnik,L"]
[PlyCount "70"]
[EventDate "1998.10.31"]
[EventType "tourn"]
[EventRounds "7"]
[EventCountry "USA"]
[EventCategory "13"]
[SourceTitle "CBM 068"]
[Source "ChessBase"]
[SourceDate "1999.02.01"]
[SourceVersion "1"]
[SourceVersionDate "1999.02.01"]
[SourceQuality "1"]

1. d4 Nf6 2. c4 g6 3. g3 Bg7 4. Bg2 d5 5. cxd5 Nxd5 6. Nc3 Nxc3 7. bxc3 c5 8.
Nf3 Qa5 9. O-O (9. Bd2 O-O 10. O-O Nc6 (10... Rd8 11. Qb3 Nc6 12. Rfd1 Qa6 13.
Ng5 e6 14. e3 Na5 15. Qa3 c4 16. e4 Bf8 17. Qc1 f6 18. Nf3 Nc6 19. Bf4 Ne7 20.
h4 {0-1 Chuchelov,V-Novik,M/Novosibirsk 1989/TD (44)}) 11. Qb3 Qa6 12. e3 (12.
d5 Na5 13. Qa3 b6 14. Bf4 Bb7 15. Rad1 Rad8 16. e4 h6 17. h4 f5 18. exf5 Rxf5
19. Qc1 Kh7 20. Rfe1 Rdxd5 21. Rxd5 Bxd5 22. Rxe7 Rf7 23. Rxf7 Bxf7 24. Ne5 {
1-0 Petursson,M-Arnason,J/Reykjavik 1978/EXT 98 (100)}) 12... Be6 13. Qb2 Bc4
14. Rfd1 Rfd8 15. dxc5 Rd7 16. Be1 Bd3 17. Nd4 Rad8 18. Rd2 e5 19. Nb3 e4 20.
Nd4 Bf8 21. Rad1 Ne5 22. Qb3 Bxc5 {0-1 Avirovic,D-Tsvetkov,A/Novi Sad 1945/HCL
(38)}) 9... Qxc3 10. Bg5 (10. Bd2 Qa3) 10... Qa3 (10... cxd4 $4 11. Rc1 $18) (
10... Nc6 11. Rc1 Qa3 12. Rxc5 $13) 11. Rb1 Nc6 (11... cxd4 12. Nxd4 $44) 12.
d5 (12. dxc5 Qxa2 $17) 12... Nd4 13. d6 $5 {Ivanov understands, that opening
of the play is rather unpleasant for the underdeveloped black pieces.} exd6 14.
e3 Nxf3+ (14... h6 15. Bf4 Nxf3+ 16. Bxf3 Qxa2 (16... O-O 17. Bxd6 Re8 18. Bxb7
Bxb7 19. Rxb7 $13) 17. Bxd6 $44) (14... Nf5 15. g4 f6 16. Bf4 $13) 15. Bxf3 O-O
16. Qxd6 Qxa2 17. Rfc1 (17. Qxc5 b6 18. Qxf8+ $5 (18. Qc7 Bf5 19. Bxa8 Bxb1 $17
) 18... Bxf8 19. Bxa8 Qe2 $15) (17. Bxb7 Bxb7 18. Rxb7 Rfc8 $17) 17... Be6 18.
Rxb7 (18. Bxb7 Rab8) 18... c4 19. Be7 a5 $2 {There was no need to sacrifice
the exchange in this form, black passed pawns would be even more dangerous.} (
19... Rfc8 $1 $17 20. Bd5 $2 Qd2 $19) 20. Bxf8 Rxf8 21. Be4 (21. Rcb1 c3 $1 22.
Rb8 c2 $132) 21... a4 22. h4 c3 23. Bc2 $6 (23. Bb1 Qe2 $14) 23... Rc8 24. Qd1
Qb2 $3 {[%mdl 64] Brilliant way to exploit the potential of the passed pawns.
White is unable to liquidate the queen and has to fight hard to stop both
marching pawns.} (24... a3 25. Rcb1 Qb2 $3) 25. Rb1 (25. Rxb2 $2 cxb2 26. Rb1
a3 27. Rxb2 (27. Bb3 Bxb3 28. Qxb3 Rc1+ 29. Kg2 Rxb1 30. Qxa3 Ra1 $19) 27...
Bxb2 28. Qb1 Bf6 29. Bb3 Rb8 $19) 25... a3 26. Ra7 (26. R1xb2 $2 cxb2 27. Ra7 (
27. Bb1 Rc1 $19) 27... a2 28. Rxa2 Bxa2 29. Kg2 Rxc2 $19) 26... a2 27. Ra1 (27.
Rxb2 cxb2 $19) 27... h5 28. Kg2 Bf6 29. Qf3 $6 {White is losing temper, but
the passive play was also doomed.} (29. Qc1 Rd8 $19) 29... Bg7 $6 (29... Qxa1
$1 30. Qxf6 Qb1 $1 31. Rxa2 Qxa2 32. Bxg6 c2 $19) 30. Qd1 Rb8 31. Be4 $2 (31.
Qc1) 31... c2 $1 32. Qd6 (32. Bxc2 Qxa1 $19) 32... Be5 (32... Qxa1 33. Qxb8+
Kh7 34. Bxc2 Qc1 $19) 33. Qe7 Qxa1 34. Bxg6 c1=Q 35. Bxf7+ Kh8 $1 (35... Bxf7
$2 36. Qxf7+ Kh8 37. Qh7#) (35... Kh7 $2 36. Bg6+ Kxg6 37. Qg5#) (35... Kh8 $1
36. Kf3 Qh1+ (36... Qd1+ 37. Ke4 Qd5#) 37. Ke2 Qad1#) 0-1

[Event "POL-ch 54th"]
[Site "Sopot"]
[Date "1997.??.??"]
[Round "1"]
[White "Grabarczyk, Miroslaw"]
[Black "Kempinski, Robert"]
[Result "1/2-1/2"]
[WhiteElo "2480"]
[BlackElo "2515"]
[Annotator "Ftacnik,L"]
[PlyCount "104"]
[EventDate "1997.03.18"]
[EventType "tourn"]
[EventRounds "15"]
[EventCountry "POL"]
[EventCategory "9"]
[SourceTitle "CBM 059"]
[Source "ChessBase"]
[SourceDate "1997.08.01"]
[SourceVersion "1"]
[SourceVersionDate "1997.08.01"]
[SourceQuality "1"]

1. d4 Nf6 2. c4 g6 3. g3 Bg7 4. Bg2 d5 5. cxd5 Nxd5 6. Nf3 Nb6 7. O-O Nc6 8.
Nc3 Nxd4 9. Nxd4 Qxd4 10. Nb5 Qc5 (10... Qc4 11. Qb3 (11. a4 $5 $146 O-O 12. b3
Qg4 13. Be3 $5 Qd7 $6 (13... Bxa1 14. Qxa1 c6 $1 15. Nc7 Bf5 $1 16. Nxa8 Rxa8
17. Qe5 $44) 14. Qxd7 Bxd7 15. Nxc7 Rac8 (15... Bxa1 16. Nxa8 Rxa8 17. Rxa1 $16
) 16. Rac1 Bb2 17. Rb1 (17. Rc2 Be5 18. Bxb6 axb6 19. Rfc1 Bf5 20. e4 Be6 21.
Nxe6 Rxc2 22. Rxc2 fxe6 $14) 17... Rxc7 18. Rxb2 Be6 19. Rd1 Nc8 $1 20. h4 b6 {
1/2-1/2 Fominyh,A-Krasenkov,M/RUS-ch/1995 (29)}) 11... O-O 12. Qxc4 Nxc4 13.
Nxc7 Rb8 14. Nd5 Bg4 (14... Re8 15. Bf4 e5 16. Bg5 Nxb2 17. Nc7 Rf8 18. Be7 Bf5
19. Bxf8 Kxf8 20. Rac1 e4 21. Nd5 Rd8 22. Ne3 {Pigusov,E-Cvitan,O/Tilburg (03)
20'/1994/1/2-1/2 (66)}) 15. Re1 Rfe8 16. h3 Bd7 17. Bf4 Rbd8 18. Rac1 Nxb2 19.
Bc7 Rc8 20. Ne3 {1/2-1/2 Goldin,A-Cvitan,O/EUCup f Budapest (04)/1996/}) 11. a4
Nxa4 (11... Be5 $6 12. b3 $1 Qb4 (12... Bxa1 13. Be3 Qe5 14. Bf4 $16) 13. Ba3
Qa5 14. Rc1 $36) 12. Qxa4 (12. Qd5 Qb6 $1 13. Rxa4 c6 $15) 12... Bd7 {
Refreshing and strong, black solves the problems of the opening. Erfrischend
und stark, Schwarz lost siene Eroffnungsprobleme.} 13. Bxb7 (13. Qa5 Qxb5 14.
Qxc7 O-O 15. Qxb7 Qxb7 16. Bxb7 Rab8 $11) 13... Bxb5 14. Qa5 Rb8 15. Be3 (15.
Qxa7 Qxa7 16. Rxa7 Bd4 17. Ra8 Rxa8 18. Bxa8 Bxe2 $15) 15... Qf5 (15... Qc4 16.
b3 (16. Rfc1 Qxe2 17. Qxc7 O-O 18. Rxa7 $11) 16... Qxe2 17. Qxc7 O-O 18. Rfe1
$11) 16. Bf3 (16. Qxc7 $2 Be5 17. Bc6+ Kf8 18. Bh6+ Kg8 $19) 16... a6 17. Qxc7
O-O 18. Qxe7 Bxb2 19. Rad1 Qf6 (19... Rfe8 20. Qa7 $11) 20. Qxf6 Bxf6 21. Bd4
Bxd4 (21... Be7 22. Ra1 $11) 22. Rxd4 Rfd8 23. Rxd8+ (23. Rfd1 Rxd4 24. Rxd4 a5
$15) 23... Rxd8 24. Ra1 Kf8 25. Kf1 Rd2 26. Ke1 Rb2 (26... Rd6 27. Rd1 $15) 27.
Kd1 Ke7 28. Kc1 Rb4 29. e3 Ra4 (29... Bc6 30. Bxc6 Rc4+ 31. Kd2 Rxc6 32. Kd3
$11) 30. Rxa4 Bxa4 {With a free pawn on the opposite flank black enjoys
comfortable advantage. Mit dem entferntem Freibauern an Gegenfluegel Schwarz
steht  angenehm besser.} 31. Bd5 $1 Be8 (31... Bd7 32. Kb2 Be6 33. Bf3) 32. Kb2
Kd6 33. Bc4 a5 34. Kc3 Kc5 (34... f6 $6 35. Kd4) 35. e4 f6 36. h4 (36. f4 Bc6
$15) 36... Bc6 37. Bg8 h6 (37... Bxe4 $6 38. Bxh7 $14) 38. f3 g5 39. Bh7 (39.
hxg5 hxg5 40. Be6 $15) 39... gxh4 40. gxh4 Be8 41. Bg8 Bh5 42. f4 Bf3 43. Bh7 (
43. e5 $6 fxe5 44. fxe5 Bd5 $17) 43... a4 44. Bg6 Bd1 (44... a3 45. Kb3 Kd4 46.
e5 fxe5 47. fxe5 Kxe5 48. Kxa3 $11) 45. Bf7 a3 46. e5 fxe5 47. fxe5 Bf3 48. Kb3
Bd5+ 49. Bxd5 Kxd5 50. Kxa3 Kxe5 51. Kb3 Kf4 52. Kc2 Kg4 (52... Kg4 53. Kd2
Kxh4 54. Ke2 Kg3 55. Kf1 $11) 1/2-1/2